| 000 | 01008nam a2200301 i 4500 | ||
|---|---|---|---|
| 001 | bg | ||
| 100 | 1 | _aREGELSKI, Michael | |
| 245 | 1 | 0 |
_aTworzenie aplikacji multimedialnych w Visual Basic 4 / _cMichael Regelski, Clayton Walnum, Wiliam Brandon ; z ang. przeł. Mariusz Studziński. |
| 246 |
_iTyt. oryg.: _aBuilding multimedia applications with Visual Basic 4 |
||
| 260 |
_aWarszawa : _bLT&P, _c[1998]. |
||
| 300 |
_a540, [1] s. ; _c24 cm + _eCD-ROM. |
||
| 500 | _aTyt. oryg.: "Building multimedia applications with Visual Basic 4" 1995. | ||
| 504 | _aIndeks. | ||
| 650 | 9 | _aVisual Basic | |
| 650 | 9 | _aMultimedia | |
| 655 | _aPodręczniki | ||
| 700 | 1 | _aWALNUM, Clayton | |
| 700 | 1 | _aBRANDON, Wiliam | |
| 020 | _a8387115002 (LT&P) | ||
| 020 | _a0789701391 (oryg.) | ||
| 040 | _cBPK | ||
| 041 | 1 |
_apl _hen |
|
| 080 | _a004.438Visual Basic:004.032.6](07) | ||
| 920 | _a83-87115-00-2 (LT&P) | ||
| 920 | _a0-7897-0139-1 (oryg.) | ||
| 942 | _cKS | ||
| 008 | s pl f |000 0 pol | ||
| 999 |
_c35945 _d35945 |
||
| 856 |
_uhttp://koha.tu.koszalin.pl/cgi-bin/koha/opac-detail.pl?biblionumber=35945 _yKatalog online BPK |
||